[Event "Match"]
[Site "www.echecsemail.com"]
[Date "2016.09.12"]
[Round "1"]
[White "4m6az"]
[Black "Fangshuo"]
[WhiteElo "1809"]
[BlackElo "2090"]
[Result "0-1"]
[Round "1"]
1.e3 c5
2.Bf1c4 e6
3.c3 d5
4.Bc4e2 Nb8c6
5.b4 c4
6.Ng1f3 Ng8f6
7.d3 b5
8.a4 Bc8a6
9.d4 Bf8d6
10.g3 O-O
11.Nb1a3 Nf6e4
12.Bc1b2 Ra8b8
13.O-O Nc6e7
14.axb5 Ba6xb5
15.Na3xb5 Rb8xb5
16.Ra1xa7 Ne7f5
17.Nf3d2 Ne4g5
18.h4 Ng5e4
19.Nd2xe4 dxe4
20.Be2xc4 Rb5b6
21.Qd1g4 Qd8b8
22.Ra7a4 Bd6xg3
23.Qg4xe4 Bg3xh4
24.Qe4g4 Qb8c8
25.Bc4d3 g5
26.e4 Nf5h6
27.Qg4h5 Kg7
28.c4 e5
29.dxe5 Qc8h3
30.e6 f6
31.Ra4a7 Kg8
32.e7 Bh4xf2
33.Rf1xf2 Qh3xh5
34.Bd3e2 Qh5e8
35.e5 Rf8f7
36.exf6 g4
37.Rf2h2 Nh6f5
38.Be2xg4 Nf5xe7
39.Bg4h5 Ne7g6
40.Ra7a5 Qe8e1
41.Kg2 Ng6f4
42.Kf3 Nf4xh5
43.Ra5a8 Rf7f8
44.Rh2g2 Kf7
45.Ra8a7 Ke8
46.Ra7a8 Kd7
47.Ra8a7 Kc6
48.b5 Kc5
49.Rg2g5 Kxc4
50.Ra7c7 Kb3
51.Bb2e5 Nh5xf6
52.Rc7c3 Kb4
{ resign }
0-1

[Event "Match"]
[Site "www.echecsemail.com"]
[Date "2016.09.12"]
[Round "1"]
[White "4m6az"]
[Black "Caspito"]
[WhiteElo "1809"]
[BlackElo "1840"]
[Result "1/2-1/2"]
[Round "1"]
1.Ng1f3 Nb8c6
2.e4 e5
3.Bf1c4 Qd8f6
4.O-O Nc6d4
5.Nf3xd4 exd4
6.c3 c5
7.d3 d6
8.Nb1a3 Qf6g6
9.g3 Bc8h3
10.Rf1e1 Bf8e7
11.Na3b5 Be7d8
12.Bc4d5 Ng8e7
13.Bd5xb7 Ra8b8
14.Bb7a6 Rb8b6
15.Qd1a4 O-O
16.Nb5xa7 Qg6g4
17.Qa4d1 Qg4xd1
18.Re1xd1 Rb6xa6
19.Na7b5 Ne7g6
20.cxd4 cxd4
21.Nb5xd4 Rf8e8
22.a3 Ra6a4
23.b4 Bd8b6
24.Nd4b5 Ra4a8
25.Nb5xd6 Re8e6
26.Nd6c4 Bb6d4
27.Ra1b1 h5
28.Bc1e3 Bd4xe3
29.Nc4xe3 Ra8xa3
30.f4 Ng6e7
31.Ne3c4 Ra3a2
32.f5 Re6a6
33.Nc4e3 Ra2e2
34.Rd1e1 Ra6a2
35.Re1xe2 Ra2xe2
36.Ne3c4 Re2g2
37.Kh1 Rg2a2
38.b5 Kf8
39.Nc4d6 Ra2a8
40.b6 Ne7c6
41.Nd6c4 Ke7
42.b7 Ra8a7
43.d4 Kd7
44.Nc4e5 Kc7
45.Ne5xc6 Ra7xb7
46.Rb1xb7 Kxb7
47.d5 Bh3g4
48.Nc6d4 Kc7
49.Kg2 Kd6
50.h3 Bg4d1
51.Kf2 Ke5
52.Ke3 Bd1a4
53.g4 hxg4
54.hxg4 g5
55.fxg6 fxg6
56.Nd4c6 Kd6
57.Nc6b4 g5
58.Kd4 Ba4d1
59.e5 Kd7
60.e6 Kd6
61.Nb4c6 Bd1xg4
62.Nc6d8 Ke7
{ draw }
1/2-1/2

[Event "Match"]
[Site "www.echecsemail.com"]
[Date "2016.09.12"]
[Round "1"]
[White "Mitja"]
[Black "D3n1s"]
[WhiteElo "1890"]
[BlackElo "1499"]
[Result "1-0"]
[Round "1"]
1.d4 Nb8c6
2.e3 e5
3.dxe5 Bf8b4
4.c3 Bb4a5
5.Ng1f3 Nc6e7
6.Qd1b3 d5
7.Qb3b5 c6
8.Qb5b3 Bc8f5
9.Qb3xb7 Ra8b8
10.Qb7xa7 Rb8a8
11.Qa7d4 Ba5b6
12.Qd4d2 Ng8h6
13.h3 d4
14.Nf3xd4 Bb6xd4
15.exd4 Bf5xb1
16.Ra1xb1 Ra8xa2
17.Qd2f4 Ne7d5
18.Qf4g3  { time }
1-0

[Event "Match"]
[Site "www.echecsemail.com"]
[Date "2016.09.12"]
[Round "1"]
[White "Ericleo1980"]
[Black "Ditto"]
[WhiteElo "2130"]
[BlackElo "1730"]
[Result "1-0"]
[Round "1"]
1.e4 e5
2.Ng1f3 Nb8c6
3.Bf1b5 Bf8c5
4.c3 Ng8f6
5.d3 Nf6g4
6.d4 exd4
7.cxd4 Bc5b4
8.Nb1c3 O-O
9.h3 Ng4f6
10.Bb5d3 d6
11.Bc1g5 Bc8e6
12.d5 Be6d7
13.dxc6 Bd7xc6
14.O-O a6
15.a3 Bb4a5
16.Nf3d4 Bc6d7
17.Nc3d5 c5
18.Nd4e2 h6
19.Nd5xf6 gxf6
20.Bg5xh6 Rf8e8
21.Ne2g3 Kh7
22.Qd1h5 Re8h8
23.e5 Kg8
24.Bd3f5 fxe5
25.Qh5g4 { resign }
1-0

[Event "Match"]
[Site "www.echecsemail.com"]
[Date "2016.09.12"]
[Round "1"]
[White "Azorau"]
[Black "Pare123"]
[WhiteElo "2020"]
[BlackElo "1950"]
[Result "0-1"]
[Round "1"]
1.Ng1f3 g6
2.e4 Bf8g7
3.Bf1c4 e6
4.d4 b6
5.O-O Bc8b7
6.d5 Ng8e7
7.Rf1e1 O-O
8.Bc1g5 Bg7xb2
9.Nb1d2 Bb2xa1
10.Qd1xa1 f6
11.Bg5h6 Rf8f7
12.e5 Ne7f5
13.dxe6 dxe6
14.Bc4xe6 Nf5xh6
15.exf6 Kf8
16.Be6xf7 Nh6xf7
17.Re1d1 Qd8e8
18.Rd1e1 Qe8c6
19.c4 Nb8d7
20.Qa1d4 Nd7xf6
21.Kf1 Ra8e8
22.Re1e3 Re8xe3
23.Qd4xe3 Qc6a4
24.a3 Nf6g4
25.Qe3f4 Ng4e5
26.Nf3xe5 Qa4d1
{ resign }
0-1

[Event "Match"]
[Site "www.echecsemail.com"]
[Date "2016.09.12"]
[Round "1"]
[White "Obisporey"]
[Black "Nimzo"]
[WhiteElo "2580"]
[BlackElo "2800"]
[Result "1/2-1/2"]
[Round "1"]
1.e4 e5
2.Ng1f3 Nb8c6
3.Bf1c4 Bf8c5
4.O-O Ng8f6
5.d3 d6
6.c3 O-O
7.Rf1e1 a6
8.Bc4b3 h6
9.Nb1d2 Nf6g4
10.Re1e2 Ng4f6
11.Re2e1 Nf6g4
12.Re1e2 Ng4f6
13.Nd2f1 a5
14.d4 exd4
15.cxd4 Bc5b6
16.d5 Nc6e7
17.Bc1e3 Bc8g4
18.Nf1d2 Bb6xe3
19.Re2xe3 c6
20.dxc6 Ne7xc6
21.h3 Bg4h5
22.Ra1c1 Rf8e8
23.Bb3c4 d5
24.exd5 Re8xe3
25.fxe3 Nf6xd5
26.Qd1b3 a4
27.Qb3xb7 Nd5e7
28.Bc4f1 Ra8b8
29.Qb7a6 Rb8xb2
30.Qa6xa4 Rb2xd2
31.Nf3xd2 Qd8xd2
32.Rc1xc6 { draw }
1/2-1/2

[Event "Match"]
[Site "www.echecsemail.com"]
[Date "2016.09.12"]
[Round "1"]
[White "Bichoraro92"]
[Black "Silent1"]
[WhiteElo "1909"]
[BlackElo "1860"]
[Result "0-1"]
[Round "1"]
1.e4 e5
2.Ng1f3 d6
3.d4 exd4
4.Nf3xd4 Bf8e7
5.Bf1c4 Ng8f6
6.Nb1c3 O-O
7.O-O Bc8d7
8.Nd4e2 h6
9.f4 a6
10.h3 Nb8c6
11.Bc1e3 Bd7e6
12.Bc4d3 Nc6b4
13.f5 Nb4xd3
14.cxd3 Be6d7
15.Ne2f4 c6
16.Qd1c2 Nf6h7
17.d4 b5
18.Ra1d1 Nh7f6
19.e5 dxe5
20.dxe5 Nf6h7
21.e6 Nh7f6
22.exd7 Nf6xd7
23.Rd1d3 Qd8c7
24.Rf1d1 Nd7c5
25.Rd3d2 Ra8d8
26.Nc3e4 Rd8xd2
27.Rd1xd2 Nc5xe4
28.Qc2xe4 Be7g5
29.g3 Bg5f6
30.Rd2c2 Qc7a5
31.Be3c5 Rf8d8
32.b4 Rd8d1
33.Kh2 Qa5c7
34.Nf4h5 Bf6e5
35.Rc2e2 f6
36.Qe4g4 Rd1d7
37.Qg4g6 Qc7b8
38.Bc5e3 Kh8
39.Be3f4 Qb8g8
 { time }
0-1

[Event "Match"]
[Site "www.echecsemail.com"]
[Date "2016.09.12"]
[Round "1"]
[White "Ketchuplover"]
[Black "Ledzepp"]
[WhiteElo "1750"]
[BlackElo "1410"]
[Result "1-0"]
[Round "1"]
1.e4 e5
2.Bf1c4 Ng8h6
3.d3 Bf8c5
4.Bc1xh6 gxh6
5.Qd1h5 Qd8f6
6.Ng1f3 d6
7.Nb1c3 Rh8g8
8.Nc3d5 Qf6d8
9.Nd5b6 Qd8f6
10.Nb6xc8 Rg8xg2
11.O-O-O Rg2xf2
12.Rd1f1 Qf6f4
13.Kd1 Rf2g2
14.Qh5f5 Qf4xf5
15.exf5 Rg2g4
16.c3 e4
17.dxe4 Nb8c6
18.Nc8xd6 Bc5xd6
19.Bc4d5 Nc6e7
20.Ke2 Ne7xd5
21.exd5 O-O-O
22.Rh1g1 Rd8e8
23.Kd2 Rg4e4
24.Rf1e1 Bd6f4
25.Kc2 Bf4e3
26.Kd3 Re4f4
27.Re1xe3 Re8d8
28.c4 Rf4xf5
29.Nf3d4 Rf5f2
30.Rg1g7 Rf2xb2
31.Rg7xf7 Rb2xa2
32.Re3e7 Rd8g8
33.Re7xc7 Kd8
34.Nd4e6 { resign }
1-0

[Event "Match"]
[Site "www.echecsemail.com"]
[Date "2016.09.12"]
[Round "1"]
[White "Azorau"]
[Black "Pariolinius"]
[WhiteElo "2020"]
[BlackElo "1790"]
[Result "0-1"]
[Round "1"]
1.e4 c5
2.Nb1c3 Nb8c6
3.Bf1c4 e6
4.Ng1f3 d6
5.Bc4b5 Bc8d7
6.d3 Bf8e7
7.O-O Ng8f6
8.Bc1g5 O-O
9.Bb5xc6 Bd7xc6
10.d4 cxd4
11.Nf3xd4 Bc6d7
12.Qd1f3 e5
13.Nd4f5 Ra8c8
14.Qf3g3 Bd7xf5
15.exf5 Rc8xc3
16.bxc3 Nf6e4
17.Bg5xe7 Ne4xg3
18.Be7xd8 Ng3xf1
19.Bd8e7 Rf8e8
20.Kxf1 Re8xe7
21.g4 Re7c7
22.Ke2 Rc7xc3
23.Kd2 Rc3h3
24.Ra1b1 b6
25.Rb1h1 d5
26.g5 Rh3f3
27.f6 Rf3xf2
28.Kc1 Rf2g2
29.h4 g6
30.h5 Rg2xg5
31.h6 Rg5f5
32.Rh1h3 Rf5xf6
33.Rh3c3 Kf8
34.Rc3c8 Ke7
35.Rc8c7 Kd6
36.Rc7xa7 g5
37.a4 g4
38.Ra7b7 Kc6
39.Rb7e7 g3
40.Re7e8 g2
41.Re8g8 Rf6g6
42.Rg8c8 Kd7
{ resign }
0-1

[Event "Match"]
[Site "www.echecsemail.com"]
[Date "2016.09.12"]
[Round "1"]
[White "Fenwick45"]
[Black "Tomcapp"]
[WhiteElo "1499"]
[BlackElo "1560"]
[Result "0-1"]
[Round "1"]
1.e4 e5
2.Ng1f3 Nb8c6
3.Bf1c4 Ng8f6
4.d3 Bf8c5
5.a3 d6
6.b4 Bc5d4
7.c3 Bd4b6
8.O-O Nf6g4
9.h3 Ng4f6
10.Bc1g5 O-O
11.Nb1d2 a6
12.Nf3h2 Bc8e6
13.Bc4xe6 fxe6
14.Nh2g4 a5
15.Bg5xf6 gxf6
16.Ng4h6 Kg7
17.Qd1h5 Nc6e7
18.Nd2f3 Ne7g6
19.g3 c5
 { time }
0-1

[Event "Tourn. n8878"]
[Site "www.chess-mail.com"]
[Date "2016.09.13"]
[Round "1"]
[White "Glenno"]
[Black "Senitram"]
[WhiteElo "2420"]
[BlackElo "2710"]
[Result "0-1"]
[Round "1"]
1.e4 c5
2.Ng1f3 Nb8c6
3.d4 cxd4
4.Nf3xd4 e5
5.Nd4b5 d6
6.Nb1c3 a6
7.Nb5a3 Ng8f6
8.Bc1g5 Bf8e7
9.Na3c4 Bc8g4
10.Bf1e2 Bg4xe2
11.Qd1xe2 b5
12.Bg5xf6 Be7xf6
13.Nc4e3 Bf6g5
14.Nc3d5 Bg5xe3
15.Nd5xe3 Nc6d4
16.Qe2g4 g6
17.c3 Nd4e6
18.O-O Ra8b8
19.Ra1d1 O-O
20.g3 b4
21.Ne3c4 bxc3
22.bxc3 Qd8c7
23.Qg4e2 Rf8d8
24.Rd1d2 Ne6c5
25.f4 Rb8c8
26.fxe5 dxe5
27.Rf1f3 Rd8xd2
28.Nc4xd2 Rc8d8
29.Rf3e3 Qc7b7
30.Nd2c4 Qb7b1
31.Kg2 f6
32.Nc4xe5 fxe5
33.Qe2g4 Qb1xa2
34.Kh3 Rd8d2
35.Qg4c8 Kg7
36.Qc8c7 Nc5d7
37.c4 Rd2xh2
38.Kg4 h5
39.Kg5 Qa2d2
40.Qc7a7 Qd2d6
41.Qa7xd7 Qd6xd7
42.c5 Qd7e7
{ resign }
0-1

[Event "Tourn. n8906"]
[Site "www.chess-mail.com"]
[Date "2016.09.13"]
[Round "1"]
[White "Bichoraro92"]
[Black "Osopanda"]
[WhiteElo "2050"]
[BlackElo "2000"]
[Result "0-1"]
[Round "1"]
1.d4 Ng8f6
2.e3 d5
3.f4 c5
4.c3 Nb8c6
5.Ng1f3 Bc8g4
6.Bf1d3 cxd4
7.exd4 e6
8.O-O Bf8d6
9.h3 Bg4xf3
10.Qd1xf3 O-O
11.f5 Qd8e7
12.Bc1g5 h6
13.Bg5h4 e5
14.Bh4xf6 Qe7xf6
15.Qf3xd5 exd4
16.cxd4 Qf6xd4
17.Qd5xd4 Nc6xd4
18.Nb1c3 a6
 { time }
0-1

[Event "Tourn. n8902"]
[Site "www.chess-mail.com"]
[Date "2016.09.13"]
[Round "1"]
[White "Bronstein70"]
[Black "Francesco"]
[WhiteElo "1939"]
[BlackElo "2000"]
[Result "1-0"]
[Round "1"]
1.e4 c6
2.d3 d5
3.Nb1d2 dxe4
4.dxe4 e5
5.Ng1f3 Bc8g4
6.h3 Bg4h5
7.g4 Bh5g6
8.Nf3xe5 Bf8d6
9.Ne5xg6 hxg6
10.Bf1g2 Nb8d7
11.Nd2c4 Bd6c5
12.Nc4d6 Bc5xd6
13.Qd1xd6 Ng8f6
14.O-O Qd8e7
15.Qd6xe7 Kxe7
16.Bc1g5 Nd7e5
17.f4 Ne5c4
18.e5 Ke6
19.exf6 gxf6
20.Ra1e1 { resign }
1-0

[Event "Tourn. n8911"]
[Site "www.chess-mail.com"]
[Date "2016.09.13"]
[Round "1"]
[White "Fieldfast"]
[Black "Madz123456"]
[WhiteElo "2009"]
[BlackElo "1940"]
[Result "1-0"]
[Round "1"]
1.e4 c5
2.Ng1f3 Nb8c6
3.Bf1b5 e6
4.O-O Ng8e7
5.Rf1e1 a6
6.Bb5f1 d5
7.exd5 Ne7xd5
8.d4  { time }
1-0

[Event "Tourn. n8926"]
[Site "www.chess-mail.com"]
[Date "2016.09.13"]
[Round "1"]
[White "Hundegana"]
[Black "Vasylpuzanov"]
[WhiteElo "2000"]
[BlackElo "1950"]
[Result "1-0"]
[Round "1"]
1.e4 e5
2.c4 g6
3.g3 Bf8g7
4.Nb1c3 d6
5.d3 Nb8c6
6.Bc1e3 Bc8e6
7.a3 Ng8e7
8.b4 O-O
9.Qd1c1 Rf8e8
10.Be3h6 Bg7h8
11.h4 Nc6d4
12.Ra1b1  { time }
1-0

[Event "Tourn. n8892"]
[Site "www.chess-mail.com"]
[Date "2016.09.13"]
[Round "1"]
[White "Bichoraro92"]
[Black "Fabos12"]
[WhiteElo "2020"]
[BlackElo "1960"]
[Result "0-1"]
[Round "1"]
1.d4 e6
2.e3 Nb8c6
3.f4 Ng8f6
4.Ng1f3 Bf8b4
5.c3 Bb4a5
6.Bf1d3 d5
7.O-O Qd8e7
8.a4 a6
9.Nf3e5 Nc6xe5
10.fxe5 Nf6d7
11.Qd1g4 Kf8
12.e4 c6
13.Bc1g5 Qe7e8
14.Nb1d2 Ba5d8
15.Nd2f3 h6
16.Bg5xd8 Qe8xd8
17.Nf3h4 Kg8
18.exd5 exd5
19.Nh4f5 Qd8g5
20.Qg4xg5 hxg5
21.Nf5d6 f6
22.e6 Nd7b6
23.e7 Bc8d7
24.Bd3g6 Nb6c4
25.Bg6f7 Kh7
26.e8Q Bd7xe8
27.Nd6xe8 Ra8xe8
28.Bf7xe8 Rh8xe8
29.Rf1f2 Re8e4
30.b3 Nc4d6
31.Ra1f1 Re4e3
32.Rf2f3 Re3e2
33.Rf1c1 Nd6e4
34.c4 Re2d2
35.cxd5 cxd5
36.Rc1c7 Rd2xd4
 { time }
0-1

[Event "Tourn. n8896"]
[Site "www.chess-mail.com"]
[Date "2016.09.13"]
[Round "1"]
[White "Caspito"]
[Black "Wegaman"]
[WhiteElo "1880"]
[BlackElo "1860"]
[Result "0-1"]
[Round "1"]
1.e4 e6
2.d4 d5
3.e5 c5
4.Ng1f3 cxd4
5.Nf3xd4 Nb8c6
6.Bf1b5 Bc8d7
7.O-O Nc6xe5
8.Bc1f4 Ne5g6
9.Bb5xd7 Qd8xd7
10.Bf4g3 Ng8f6
11.Nb1c3 Bf8c5
12.a3 O-O
13.b4 Bc5b6
14.Nc3b5 Nf6e4
15.Qd1d3 Ne4xg3
16.fxg3 Ng6e5
17.Qd3e2 a6
18.Qe2xe5 axb5
19.Rf1f4 Bb6xd4
20.Qe5xd4 Ra8c8
21.Rf4g4 g6
22.c3 Rc8c4
23.Qd4d1 Rc4xg4
24.Qd1xg4 Rf8c8
25.Qg4f3 Qd7c6
26.Ra1f1 Rc8c7
27.Qf3f6 Qc6xc3
28.Qf6d8 Kg7
29.Qd8e8 Qc3xa3
30.Qe8d8 Qa3c3
31.h4 Qc3xg3
32.Qd8f6 Kg8
33.Qf6d8 Kg7
34.Qd8f6 Kh6
35.h5 Kxh5
36.Qf6g7 Qg3e3
37.Kh2 Qe3h6
38.Qg7e5 Kg4
39.Kg1 Rc7c4
40.Qe5e2 Kg5
41.Qe2e5 Kg4
42.Rf1xf7 Rc4c1
43.Rf7f1 Rc1xf1
44.Kxf1 Qh6f4
{ resign }
0-1

[Event "Tourn. n8942"]
[Site "www.chess-mail.com"]
[Date "2016.09.13"]
[Round "1"]
[White "Nulladies"]
[Black "Attatroll"]
[WhiteElo "1810"]
[BlackElo "1860"]
[Result "0-1"]
[Round "1"]
1.d4 f5
2.Bc1f4 d6
3.Ng1f3 Ng8f6
4.e3 g6
5.Bf1c4 d5
6.Bc4b3 Bf8g7
7.Nb1d2 O-O
8.Nf3e5 Nb8d7
9.Nd2f3 Nd7xe5
10.dxe5 Nf6h5
11.Bb3xd5 e6
12.Bd5c4 Nh5xf4
13.exf4 a6
14.O-O b5
15.Bc4b3 Qd8e7
16.Bb3d5 exd5
17.Qd1xd5 Bc8e6
18.Qd5d4 Rf8d8
19.Qd4e3 Qe7b4
20.Nf3d4 Qb4xd4
21.Qe3xd4 Rd8xd4
22.g3 Ra8d8
23.b3 Rd4d2
24.Ra1c1 Bg7f8
25.Rf1e1 Bf8a3
26.Rc1b1 Rd2xc2
{ resign }
0-1

[Event "Tourn. n8874"]
[Site "www.chess-mail.com"]
[Date "2016.09.13"]
[Round "1"]
[White "Greghghs"]
[Black "Szustan"]
[WhiteElo "2300"]
[BlackElo "2590"]
[Result "0-1"]
[Round "1"]
1.e4 e5
2.Ng1f3 Nb8c6
3.Bf1c4 Ng8f6
4.Nf3g5 d5
5.exd5 b5
6.Bc4f1 h6
7.Ng5xf7 Kxf7
8.dxc6 Bf8c5
9.Bf1e2 Rh8f8
10.d3 Bc8e6
11.Nb1c3 b4
12.Nc3a4 Bc5d6
13.Bc1e3 Be6d5
14.Be2f3 Kg8
15.Bf3xd5 Nf6xd5
16.O-O Nd5xe3
17.fxe3 Rf8xf1
18.Qd1xf1 e4
19.Qf1f2 exd3
20.cxd3 Qd8g5
21.Ra1e1 Ra8f8
22.Qf2e2 Qg5h4
{ resign }
0-1

[Event "Tourn. n8879"]
[Site "www.chess-mail.com"]
[Date "2016.09.13"]
[Round "1"]
[White "Odin"]
[Black "Libiesse"]
[WhiteElo "1950"]
[BlackElo "1950"]
[Result "0-1"]
[Round "1"]
1.d4 d5
2.Nb1c3 e6
3.Ng1f3 Ng8f6
4.Bc1g5 Bf8e7
5.e3 O-O
6.Bf1d3 Nb8d7
7.O-O c5
8.b3 cxd4
9.exd4 Qd8c7
10.Rf1e1 Rf8e8
11.Nc3b5 Qc7b6
12.Nf3e5 a6
13.Ne5xd7 Bc8xd7
14.Nb5c3 Ra8c8
15.Nc3a4 Qb6a7
16.Na4c5 Rc8xc5
17.dxc5 Qa7xc5
18.Bg5e3 Qc5c7
19.Qd1f3 Bd7c6
20.Be3g5 Nf6d7
21.Qf3h3 g6
22.Bg5h6 Be7f6
23.Ra1c1 b5
24.Rc1b1 Qc7a5
25.Bd3xg6 hxg6
26.Re1e3 Nd7f8
27.Re3f3 Nf8h7
28.Bh6e3 d4
29.Be3c1 Qa5e1
{ resign }
0-1

[Event "Tourn. n8900"]
[Site "www.chess-mail.com"]
[Date "2016.09.13"]
[Round "1"]
[White "Seger"]
[Black "Goofy"]
[WhiteElo "2750"]
[BlackElo "2310"]
[Result "1-0"]
[Round "1"]
1.d4 e6
2.e4 d5
3.exd5 exd5
4.Nb1c3 c6
5.Bf1d3 Bf8d6
6.Ng1f3 Bc8g4
7.O-O Nb8d7
8.h3 Bg4xf3
9.Qd1xf3 Qd8f6
10.Rf1e1 Ng8e7
11.Qf3xf6 Nd7xf6
12.Bc1g5 O-O-O
13.Bg5xf6 gxf6
14.Re1e3 h5
15.Re3f3 Rh8h6
16.Nc3d1 Rd8g8
17.Nd1e3 Kc7
18.Ra1e1 b5
19.c3 Rg8g5
20.h4 Rg5g8
21.g3 a5
22.b3 Rg8b8
23.Kg2 Kd7
24.c4 bxc4
25.bxc4 Rb8b2
26.c5 Bd6c7
27.Ne3f5 Ne7xf5
28.Bd3xf5 Kd8
29.Rf3e3 Rh6h8
30.Re3e7 Rh8g8
31.Re7d7 Kc8
32.Re1e7 Rg8xg3
33.Kf1 Rg3f3
34.Rd7xc7 Kb8
35.Rc7c8 { resign }
1-0

[Event "Tourn. n8875"]
[Site "www.chess-mail.com"]
[Date "2016.09.13"]
[Round "1"]
[White "Kampungboy"]
[Black "Roserl"]
[WhiteElo "2300"]
[BlackElo "2170"]
[Result "1-0"]
[Round "1"]
1.e4 c5
2.Ng1f3 Nb8c6
3.d4 cxd4
4.Nf3xd4 Ng8f6
5.Nb1c3 e6
6.Bf1e2 Bf8b4
7.O-O Bb4xc3
8.bxc3 Nf6xe4
9.Be2d3 Ne4xc3
10.Qd1g4 O-O
11.Nd4xc6 bxc6
12.Bc1b2 Qd8f6
13.Ra1b1 d5
14.Qg4b4 d4
15.Bb2xc3 dxc3
16.Bd3xh7 Kxh7
17.Qb4xf8 Bc8b7
18.Qf8c5 Bb7a6
19.Qc5xc6 Ba6xf1
20.Qc6xa8 Bf1c4
21.Qa8e4 { resign }
1-0

[Event "Tourn. n8913"]
[Site "www.chess-mail.com"]
[Date "2016.09.13"]
[Round "1"]
[White "Cal"]
[Black "Caspito"]
[WhiteElo "1800"]
[BlackElo "1900"]
[Result "0-1"]
[Round "1"]
1.c4 e5
2.e4 Ng8f6
3.d3 c5
4.h3 a6
5.Nb1c3 b6
6.Bc1g5 Bf8e7
7.Ng1f3 a5
8.a3 d6
9.Bg5xf6 Be7xf6
10.Bf1e2 O-O
11.O-O Nb8c6
12.Nc3d5 Bc8e6
13.b3 Nc6d4
14.Nf3xd4 cxd4
15.f4 Be6xd5
16.cxd5 b5
17.f5 Bf6h4
18.Be2g4 Qd8g5
19.Ra1c1 Ra8c8
20.Rc1c6 Qg5e3
21.Kh1 Rc8xc6
22.Rf1f3 Qe3c1
23.Qd1xc1 Rc6xc1
24.Kh2 Rc1c3
25.f6 Rc3xb3
26.a4 b4
27.fxg7 Kxg7
28.Bg4d7 Rb3c3
29.Bd7b5 b3
30.Bb5c4 b2
31.Bc4a2 Rf8b8
32.Rf3f5 b1Q
33.Ba2xb1 Rb8xb1
34.Rf5h5 Bh4f2
35.Rh5f5 Bf2g1
36.Kg3 Rc3xd3
37.Kg4 Rb1b2
38.g3 Bg1h2
39.Rf5g5 Kf8
40.Kh5 Bh2xg3
41.Kh6 Bg3f4
42.h4 Bf4xg5
43.hxg5 Rb2h2
{ resign }
0-1

[Event "Tourn. n8928"]
[Site "www.chess-mail.com"]
[Date "2016.09.13"]
[Round "1"]
[White "Neo"]
[Black "Al3x"]
[WhiteElo "1670"]
[BlackElo "1769"]
[Result "0-1"]
[Round "1"]
1.d4 Ng8f6
2.e3 d5
3.g3 Bc8g4
4.Ng1e2 Bg4f3
5.Rh1g1 Nb8c6
6.Bf1g2 Bf3xg2
7.Rg1xg2 e6
8.Ne2f4 Bf8d6
9.b3 O-O
10.Bc1b2 Rf8e8
11.Nb1c3 Nc6e7
12.Qd1d2 c5
13.O-O-O cxd4
14.exd4 Bd6b4
15.Kb1 Ra8c8
16.Qd2e2 Bb4xc3
17.Bb2xc3 Rc8xc3
18.h4 Qd8a5
19.a4 Re8c8
20.Rd1d3 Nf6e4
21.f3 Rc3xd3
22.Nf4xd3 Ne4c3
{ resign }
0-1

[Event "Tourn. n8920"]
[Site "www.chess-mail.com"]
[Date "2016.09.13"]
[Round "1"]
[White "Francesco"]
[Black "Osopanda"]
[WhiteElo "1970"]
[BlackElo "2000"]
[Result "0-1"]
[Round "1"]
1.e4 g6
2.d4 Bf8g7
3.Ng1f3 c5
4.Bc1e3 cxd4
5.Be3xd4 Qd8a5
6.Bd4c3 Bg7xc3
7.Nb1xc3 Ng8f6
8.Qd1d2 d6
9.Bf1c4 O-O
10.O-O Nb8c6
11.Rf1e1 Bc8e6
12.Bc4xe6 fxe6
13.Re1e2 Qa5h5
14.Ra1e1 Nc6e5
15.Nf3d4 Nf6g4
16.h3 Ng4h6
17.Nd4xe6 Rf8f3
18.Ne6f4 Qh5g5
19.Qd2d5 Nh6f7
20.Nf4e6 Qg5h4
21.Qd5xb7 Ra8e8
22.Qb7xa7 Rf3xh3
23.gxh3 Ne5f3
24.Kh1 Qh4xh3
{ resign }
0-1

[Event "Tourn. n8884"]
[Site "www.chess-mail.com"]
[Date "2016.09.13"]
[Round "1"]
[White "Ditto"]
[Black "Taxrama"]
[WhiteElo "1920"]
[BlackElo "1760"]
[Result "0-1"]
[Round "1"]
1.e4 e5
2.Ng1f3 Nb8c6
3.Bf1c4 h6
4.d4 Bf8b4
5.c3 Bb4d6
6.O-O Ng8f6
7.Bc1e3 O-O
8.Nb1d2 Rf8e8
9.Qd1b3 Re8f8
10.dxe5 Bd6xe5
11.Nf3xe5 Nc6xe5
12.Bc4e2 d6
13.Be3d4 b6
14.Bd4xe5 dxe5
15.Ra1d1 Qd8e8
16.Be2b5 Bc8d7
17.Bb5d3 Qe8e7
18.Nd2f3 Bd7g4
19.Bd3c2 Bg4xf3
20.gxf3 Nf6h5
21.Kh1 Nh5f4
22.Rf1g1 Qe7h4
23.Rd1f1 Nf4e2
24.Rg1g4 Qh4h3
25.Rf1e1 Qh3xf3
26.Rg4g2 Ne2f4
27.Re1g1 Nf4h3
28.Rg1f1 Qf3e2
29.Rf1d1 Ra8d8
30.Rd1b1 Rd8d2
31.Bc2d1 Nh3xf2
32.Kg1 Nf2h3
33.Kh1 Qe2xg2

0-1

[Event "Match"]
[Site "www.echecsemail.com"]
[Date "2016.09.13"]
[Round "1"]
[White "Wwgia"]
[Black "Sundar"]
[WhiteElo "2020"]
[BlackElo "1929"]
[Result "0-1"]
[Round "1"]
1.d4 d5
2.c4 c6
3.Nb1c3 e6
4.Ng1f3 Ng8f6
5.Bc1g5 Nb8d7
6.e3 h6
7.Bg5h4 Bf8e7
8.Qd1c2 O-O
9.O-O-O dxc4
10.Bf1xc4 Nf6d5
11.Bh4xe7 Nd5xe7
12.g4 Nd7b6
13.Bc4b3 Bc8d7
14.h4 Qd8c7
15.g5 h5
16.Nf3e5 Bd7e8
17.g6 f6
18.Bb3xe6 Kh8
19.Qc2e2 Ne7g8
20.Qe2xh5 Ng8h6
21.Ne5g4 Be8xg6
22.Qh5xg6 Nh6xg4
23.Qg6xg4 Rf8f7
24.Qg4h5 Kg8
25.Nc3e4 Kf8
26.Ne4c5 Ra8e8
27.Nc5d7 Rf7xd7
28.Be6xd7 Qc7xd7
29.Rh1g1 Qd7d5
30.Kb1 Qd5xh5
{ resign }
0-1

[Event "Match"]
[Site "www.echecsemail.com"]
[Date "2016.09.13"]
[Round "1"]
[White "Iko"]
[Black "Fredduc"]
[WhiteElo "1620"]
[BlackElo "1529"]
[Result "0-1"]
[Round "1"]
1.e4 d5
2.exd5 Qd8xd5
3.c4 Qd5e4
4.Qd1e2 Qe4xe2
5.Bf1xe2 Nb8c6
6.Ng1f3 e5
7.O-O f6
8.Nf3h4 g5
9.Be2h5 Kd8
10.Nh4f3 g4
11.Nf3h4 Nc6d4
12.Nb1c3 f5
13.Nc3d5 c6
14.Nd5e3 Ng8f6
15.Bh5f7 f4
16.Ne3d1 Ke7
17.Bf7d5 cxd5
18.Rf1e1 Kf7
19.cxd5 Nd4c2
20.Re1xe5 Nc2xa1
21.d6 Bf8xd6
22.Re5d5 Nf6xd5
23.b3 Rh8e8
24.Kf1 Na1c2
25.Bc1b2 Re8e1

0-1

[Event "Match"]
[Site "www.echecsemail.com"]
[Date "2016.09.13"]
[Round "1"]
[White "Chapi"]
[Black "Liencam2"]
[WhiteElo "2140"]
[BlackElo "2300"]
[Result "1-0"]
[Round "1"]
1.d4 Ng8f6
2.c4 g6
3.Nb1c3 Bf8g7
4.Ng1f3 O-O
5.e4 d6
6.Bf1e2 e5
7.d5 a5
8.c5 Bc8g4
9.cxd6 cxd6
10.O-O Nb8d7
11.Bc1e3 Nf6e8
12.h3 Bg4xf3
13.Be2xf3 f5
14.exf5 gxf5
15.g3 Nd7f6
16.Be3g5 Qd8b6
17.Qd1c2 e4
18.Bg5e3 Qb6c7
19.Bf3d1 Ra8c8
20.f3 Nf6xd5
21.Qc2b3 Qc7c4
22.Qb3xc4 Rc8xc4
23.Be3g5 Nd5xc3
24.Bd1b3 d5
25.Bb3xc4 dxc4
26.bxc3 Bg7xc3
27.Ra1c1 Bc3d4
28.Kg2 exf3
29.Rf1xf3 b5
30.Rc1f1 Ne8d6
31.Bg5e7 Rf8c8
32.Be7xd6 c3
33.Rf3xf5 c2
34.Rf5f8 Rc8xf8
35.Rf1xf8 Kg7
36.Rf8c8 c1Q
37.Rc8xc1 Bd4e3
38.Rc1c7 { resign }
1-0

[Event "1/128 Finale"]
[Site "www.chess-mail.com"]
[Date "2016.09.13"]
[Round "1"]
[White "Julian"]
[Black "Cal"]
[WhiteElo "2070"]
[BlackElo "1750"]
[Result "1-0"]
[Round "1"]
1.e4 e5
2.Ng1f3 d6
3.d4 exd4
4.Nf3xd4 c5
5.Nd4f3 a6
6.Bf1c4 Bc8e6
7.Bc4xe6 fxe6
8.O-O h6
9.Nb1c3 b5
10.Bc1f4 e5
11.Bf4e3 Ng8f6
12.h3 Bf8e7
13.Qd1e2 O-O
14.Ra1d1 Nb8c6
15.Be3xc5 Qd8c7
16.Bc5e3 b4
17.Nc3d5 Nf6xd5
18.exd5 Nc6d8
19.Nf3h2 Nd8f7
20.Nh2g4 Nf7h8
21.Rf1e1 Nh8g6
22.Qe2d3 a5
23.f3 Ng6h4
24.Qd3e4 a4
25.Re1f1 Rf8f5
26.g3 Ra8f8
27.gxh4 Be7xh4
28.Be3xh6 Kh7
29.Bh6e3 Bh4g3
30.Kg2 Bg3f4
31.Rf1f2 Qc7e7
32.c3 Qe7h4
33.Be3xf4 g6
34.Bf4g3 Qh4h5
35.Rd1g1 Kg7
36.f4 exf4
37.Rf2xf4 Rf8f7
38.Qe4d4 Kf8
39.Rf4xf5 Qh5xf5
40.Bg3xd6 Ke8
41.Rg1e1 Kd8
42.Qd4b6 Kc8
43.Re1e8 Kd7
44.Qb6c6 { resign }
1-0

[Event "1/128 Finale"]
[Site "www.chess-mail.com"]
[Date "2016.09.13"]
[Round "1"]
[White "Sachpat"]
[Black "Guidom"]
[WhiteElo "2390"]
[BlackElo "2010"]
[Result "1-0"]
[Round "1"]
1.e4 e5
2.Ng1f3 d6
3.d4 exd4
4.Nf3xd4 Ng8f6
5.Nb1c3 Bc8d7
6.Bc1f4 Bf8e7
7.Qd1d2 O-O
8.O-O-O Nb8c6
9.f3 Qd8c8
10.g4 Nc6xd4
11.Qd2xd4 Bd7e6
12.h4 Nf6d7
13.Nc3d5 Be6xd5
14.Qd4xd5 Nd7b6
15.Qd5d2 Be7f6
16.g5 Bf6e5
17.Bf4e3 Qc8e6
18.Kb1 g6
19.h5 Ra8d8
20.f4 Be5g7
21.Qd2h2 f5
22.hxg6 hxg6
23.Be3d4 Rf8f7
24.Qh2h8 Bg7xh8
25.Rh1xh8 
1-0

[Event "Tourn. n8925"]
[Site "www.chess-mail.com"]
[Date "2016.09.14"]
[Round "1"]
[White "Picifarkinca"]
[Black "Libiesse"]
[WhiteElo "1980"]
[BlackElo "1980"]
[Result "1/2-1/2"]
[Round "1"]
1.e4 c5
2.Nb1c3 e6
3.Ng1f3 a6
4.d4 cxd4
5.Nf3xd4 Nb8c6
6.Bc1e3 Bf8b4
7.Qd1d3 Ng8e7
8.Bf1e2 Bb4xc3
9.Qd3xc3 d5
10.exd5 Ne7xd5
11.Qc3d2 Qd8c7
12.Nd4xc6 Qc7xc6
13.O-O Nd5xe3
14.fxe3 Bc8d7
15.Ra1d1 Ra8d8
16.Be2f3 Qc6b6
17.Qd2c3 O-O
18.b3 Rd8c8
19.Qc3d4 Qb6xd4
20.Rd1xd4 Bd7c6
21.Bf3xc6 Rc8xc6
22.c4 e5
23.Rd4d5 { draw }
1/2-1/2

[Event "Tourn. n8871"]
[Site "www.chess-mail.com"]
[Date "2016.09.14"]
[Round "1"]
[White "Azulmarino"]
[Black "Redabond"]
[WhiteElo "1600"]
[BlackElo "1620"]
[Result "1-0"]
[Round "1"]
1.e4 e5
2.Ng1f3 Nb8c6
3.Nb1c3 Bf8c5
4.Bf1c4 h6
5.d3 Ng8f6
6.Bc1e3 Bc5xe3
7.fxe3 O-O
8.O-O d6
9.d4 exd4
10.exd4 Qd8e7
11.Rf1e1 Bc8g4
12.h3 Bg4xf3
13.Qd1xf3 Nc6xd4
14.Qf3f2 Rf8e8
15.Qf2xd4 Qe7d7
16.Re1e3 c5
17.Qd4d2 Qd7c6
18.Re3g3 Kh7
19.Bc4b5 Qc6b6
20.Qd2d3 Nf6h5
21.e5 g6
22.exd6 c4
23.Rg3e3 Re8xe3
24.Nc3d5 cxd3
25.Nd5xb6 axb6
26.d7 dxc2
27.Ra1c1 Ra8d8
28.Rc1xc2 Nh5f6
29.Rc2c8 Rd8xc8
30.dxc8Q Re3e2
31.Bb5xe2 { resign }
1-0